Loading...
Science - Biology | 0 | 3 | 0 | 0 | 30 | 74 | 92.33 | 0 | 0 |
Science - Chemistry | 0 | 2 | 0 | 2 | 20 | 120 | 121.50 | 0 | 0 |
Science - Physics | 0 | 2 | 0 | 0 | 20 | 81 | 88.50 | 0 | 0 |
Religion | 0 | 2 | 0 | 1 | 20 | 80 | 106.50 | 0 | 0 |
History - American History | 0 | 2 | 0 | 1 | 20 | 118 | 120.50 | 0 | 0 |
Literature - British Literature | 0 | 1 | 0 | 0 | 10 | 75 | 75.00 | 0 | 0 |
Fine Arts - Visual Fine Arts | 0 | 1 | 0 | 0 | 10 | 129 | 129.00 | 0 | 0 |
Philosophy | 0 | 1 | 0 | 0 | 10 | 117 | 117.00 | 0 | 0 |
History - Other History | 0 | 1 | 0 | 1 | 10 | 125 | 125.00 | 0 | 0 |
Literature - World/Other Literature | 0 | 0 | 1 | 0 | -5 | 0.00 | 0 | 0 | |
History - European History | 0 | 0 | 1 | 0 | -5 | 0.00 | 0 | 0 | |
Fine Arts - Classical Music | 0 | 0 | 1 | 0 | -5 | 0.00 | 0 | 0 |